Citizen participation in the 1970's : the case of Allentown, Pennsylvania /

Bibliographic Details
Main Author: Olson, Laura K.
Corporate Authors: United States. Department of Housing and Urban Development, National League of Cities--United States Conference of Mayors, Allentown Urban Observatory
Format: Book
Language:English
Published: Allentown, Pa. : Allentown Urban Observatory, 1976.
Subjects:

MARC

Tag First Indicator Second Indicator Subfields
LEADER 00000cam a2200000 a 4500
001 in00000090669
005 20151008065739.0
008 770131s1976 pau b 00010 eng d
035 |a (OCoLC)02710923 
035 |9 AAK6506AM 
040 |a HOU  |c HOU  |d m.c.  |d TXA  |d UtOrBLW 
043 |a n-us---  |a n-us-pa 
049 |a TXAM  |c [388702] 
090 |a JS451 P5  |b  O4 
100 1 |a Olson, Laura K. 
245 1 0 |a Citizen participation in the 1970's :  |b the case of Allentown, Pennsylvania /  |c Laura K. Olson ; prepared under the support of the city of Allentown, Pa. Urban Observatory. 
264 1 |a Allentown, Pa. :  |b Allentown Urban Observatory,  |c 1976. 
300 |a iv, 108 pages ;  |c 28 cm. 
336 |a text  |b txt  |2 rdacontent 
337 |a unmediated  |b n  |2 rdamedia 
338 |a volume  |b nc  |2 rdacarrier 
500 |a On cover: A community development report. 
500 |a Research conducted pursuant to contract between U.S. Dept. of Housing and Urban Development and National League of Cities. 
504 |a Bibliography: pages 68-72. 
650 0 |a Political participation  |z Pennsylvania  |z Allentown. 
650 0 |a Municipal government  |x Citizen participation. 
651 0 |a Allentown (Pa.)  |x Politics and government. 
710 1 |a United States.  |b Department of Housing and Urban Development. 
710 2 |a National League of Cities--United States Conference of Mayors. 
710 2 |a Allentown Urban Observatory. 
999 |a MARS 
999 f f |s f474dabc-93b0-3f5f-985a-4bd51312ded4  |i 9287317d-9fa6-3846-b1b7-79086a2baaa4  |t 0 
952 f f |p ric  |a Texas A&M University  |b Rellis Campus  |c Joint Library Facility  |d Remote Storage  |t 0  |e JS451 P5 O4  |h Library of Congress classification  |i unmediated -- volume  |m A14805992005 
998 f f |a JS451 P5 O4  |t 0  |l Remote Storage